00419 2200157 4500245006700000020001800067250001100085100001800096650003000114005001900144260003800163041001400201084001000215300002700225336000900252 aPeran Imajinasi dalam Meraih KeberhasilancNapoleon HillhText a979-3358-30-0 aCet. 1 aNapoleon Hill aImajinasi dan Kreativitas a20230331104522 aJakartabIntimedia Ciptanusantara aIndonesia a153.3 avii, 88 hlm. :c21 cm. atext